000 00372nam a22001457a 4500
999 _c193363
_d193363
008 221025b ||||| |||| 00| 0 eng d
082 _aS-TAM
100 _aTAMULY,SANTANOO
245 _aJOY IN THE JUNGLE
_hENGLISH
260 _aNEW DELHI
_bA.I.C.B
_cROHINI
270 _aA.I.C.B,ROHINI NEW DELHI
300 _a.
_b.
_c12X13
490 _v1
942 _2ddc
_cBRLEN
_kS
_mTAM